La surdité de linstitution à légard des Harkis : Après le « pardon » de 2021, laffaire de lAnnexe 4 (notice n° 1660548)
[ vue normale ]
| 000 -LEADER | |
|---|---|
| fixed length control field | 01512cam a2200157 4500500 |
| 005 - DATE AND TIME OF LATEST TRANSACTION | |
| control field | 20260208013951.0 |
| 041 ## - LANGUAGE CODE | |
| Language code of text/sound track or separate title | fre |
| 042 ## - AUTHENTICATION CODE | |
| Authentication code | dc |
| 100 10 - MAIN ENTRY--PERSONAL NAME | |
| Personal name | Imhaus, Patrick |
| Relator term | author |
| 245 00 - TITLE STATEMENT | |
| Title | La surdité de linstitution à légard des Harkis : Après le « pardon » de 2021, laffaire de lAnnexe 4 |
| 260 ## - PUBLICATION, DISTRIBUTION, ETC. | |
| Name of publisher, distributor, etc. | L'Harmattan,<br/> |
| Date of publication, distribution, etc. | 2024.<br/> |
| 520 ## - SUMMARY, ETC. | |
| Summary, etc. | Vingt-quatre lettres de descendants de harkis et ce qu’elles révèlent : injustice, tristesse, désillusion et colère. Le 20 septembre 2021, le président de la République demande « pardon » aux harkis. Le 15 mai 2023, un texte du rapport rédigé par une commission rattachée à Matignon met à mal cette déclaration : il s’agit de l’annexe 4 dont l’affaire est ici développée. La réaction est vive. Pourquoi ? Ils ont compris, une fois de plus, que la violence institutionnelle ne les épargnerait pas.À travers leurs témoignages personnels, saisissants, les descendants harkis sont résolus à s’inviter jusqu’aux plus hautes autorités. Leur but : interpeller les responsables du fiasco administratif, pour les obliger à les regarder en face, dans l’intimité de leur histoire. Ils veulent sortir de la déshumanisation dans laquelle la machine administrative continue de les broyer. |
| 700 10 - ADDED ENTRY--PERSONAL NAME | |
| Personal name | Delourme-Bentayeb, Houria |
| Relator term | author |
| 700 10 - ADDED ENTRY--PERSONAL NAME | |
| Personal name | Besnaci-Lancou, Fatima |
| Relator term | author |
| 856 41 - ELECTRONIC LOCATION AND ACCESS | |
| Uniform Resource Identifier | <a href="https://shs.cairn.info/la-surdite-de-linstitution-a-legard-des-harkis--9782336459837?lang=fr&redirect-ssocas=7080">https://shs.cairn.info/la-surdite-de-linstitution-a-legard-des-harkis--9782336459837?lang=fr&redirect-ssocas=7080</a> |
Pas d'exemplaire disponible.




Réseaux sociaux